01622nam a2200289 a 450000100100000000500170001000800410002702000180006804000250008608200280011124500930013925000140023226000490024630000350029559000260033065000270035665000360038370000510041991000380047095201410050895201410064995201410079095201260093195201320105795201260118999900170131500004064020201002034254.0130904s2013 dr ac r 000 0 spa d a9789945876536 aDO-SdBNPbspacBNPHU a641.597293bH542g, 201300aHerencia gastronómica dominicana :bpueblos /cprólogo José del Castillo Pichardo. a[2ª ed.] aSanto Domingo :bPasteurizadora Rica,c2013. a231 p. :bil., retr. ;c32 cm. aInventariado, 2018/BT 4aCocina dominicana9192 4aPreparación de alimentos91931 aCastillo Pichardo, José del,epról.943246 aValidado. Control de calidad. EMS 001154708DSaGRbGRcMId2013-09-04iLF1l0o641.597293 H542g, 2013p40640-30r2020-06-25te. 3w2020-06-25yLFDSZPréstamo en sala 001154708DSaGRbGRcMId2014-02-13iLF1l0o641.597293 H542g, 2013p40640-40r2020-06-25te. 4w2020-06-25yLFDSZPréstamo en sala 001154708DSaGRbGRcMId2014-02-13iLF1l0o641.597293 H542g, 2013p40640-50r2020-06-25te. 5w2020-06-25yLFDSZPréstamo en sala 0010718PDaPDbPDcHDd2013-09-04iLF1l0o641.597293 H542g, 2013p40640-10r2020-06-25w2020-06-25yLFPDZNo se presta 0010718PDaPDbPDcHDd2013-09-04iLF1l0o641.597293 H542g, 2013p40640-20r2020-06-25te. 2w2020-06-25yLFPDZNo se presta 0010718PDaGRbGRcCTd2013-09-04iLF1l0o641.597293 H542g, 2013p40641-10r2020-06-25w2020-06-25yLFPDZNo se presta c40130d40130